| 000 | 00388nam a2200157Ia 4500 | ||
|---|---|---|---|
| 008 | 230917s9999||||xx |||||||||||||| ||und|| | ||
| 020 | _cPOU12 | ||
| 040 |
_e9272 _aMAIN |
||
| 041 | _aEnglish | ||
| 082 | _a309.072 M119M | ||
| 100 | _aMaclean, Mavis | ||
| 245 | 0 | _aMethodological issues in social survesy | |
| 260 |
_aLondon _bMacmillan _c1979 |
||
| 300 | _aviii, 118 p. | ||
| 942 | _cBK | ||
| 999 |
_c228215 _d228215 |
||